000 00544nam a2200193Ia 4500
005 20250508163052.0
008 008 250505s9999 xx 000 0 eng d
037 _aTextual
040 _aFEDL
_beng
_cFEDL
041 _aeng
_2eng
084 _a330, RAM
_qFEDL
100 _aRamanadham V. V. Ed.
245 0 _aPublic enterprise and the developing World
260 _aNew Delhi, India
_bSelect Book Service Syndicate
_c1984
300 _a234p
650 _aEconomics
942 _cTEXL
_h330, RAM
999 _c1380622
_d1380622